Dreams of a final theory: The search for the fundamental Laws of Nature

Saved in:
Bibliographic Details
Main Author: Weinberg, Steven (Author)
Format: Book
Language:English
Published: Londres Vintage 1993
Subjects:
Tags: Add Tag
No Tags, Be the first to tag this record!

MARC

LEADER 00000cam a2200000 a 4500
001 UCH1854
003 CL-VaPUC
008 090514e19930000UK |||||||||||||||||eng|d
020 |a 0099223910 
082 0 4 |a 530  |b WEI  |2 21 
100 0 |a Weinberg, Steven  |e author  |9 536419 
245 1 0 |a Dreams of a final theory: The search for the fundamental Laws of Nature 
300 |a 260 p 
942 |c BK 
945 |d 20090514 00:00:00  |a dcastane 
260 |a Londres  |b Vintage  |c 1993 
650 7 |a LEYES DE LA NATURALEZA  |2 CL-VaPUC  |9 387642 
650 7 |a REDUCCIONISMO  |2 CL-VaPUC  |9 373481 
650 0 |a Mecánica cuántica  |9 306806 
650 0 |a Teoría cuántica  |9 266148 
583 |a last modification  |c 20121120 11:31:59  |k Rodrigo Vera 
999 |c 333751  |d 333749 
952 |0 0  |1 0  |4 0  |6 530_000000000000000_WEI_1993  |7 0  |8 A  |9 422353  |a BIBCUR  |b BIBCUR  |d 2019-11-22  |i 4542568  |o 530 WEI 1993  |p 4542568  |r 2025-04-22  |w 2019-11-22  |y BK  |k FIS